PELAN STRATEGIK JABATAN KASTAM DIRAJA MALAYSIA 2020-2024 (Record no. 4840)
[ view plain ]
| 000 -LEADER | |
|---|---|
| fixed length control field | nam a22 7a 4500 |
| 003 - CONTROL NUMBER IDENTIFIER | |
| control field | AKMAL |
| 005 - DATE AND TIME OF LATEST TRANSACTION | |
| control field | 20200825104448.0 |
| 008 - FIXED-LENGTH DATA ELEMENTS--GENERAL INFORMATION | |
| fixed length control field | 200825s2020 my e o000 0 may d |
| 020 ## - INTERNATIONAL STANDARD BOOK NUMBER | |
| Qualifying information | Print from JKDM Web |
| 040 ## - CATALOGING SOURCE | |
| Original cataloging agency | AKMAL |
| 082 04 - DEWEY DECIMAL CLASSIFICATION NUMBER | |
| Classification number | 352.448595 JKDM |
| 090 00 - LOCALLY ASSIGNED LC-TYPE CALL NUMBER (OCLC); LOCAL CALL NUMBER (RLIN) | |
| Classification number (OCLC) (R) ; Classification number, CALL (RLIN) (NR) | 352.448595 |
| Local cutter number (OCLC) ; Book number/undivided call number, CALL (RLIN) | JKDM |
| 100 0# - MAIN ENTRY--PERSONAL NAME | |
| Relator term | author. |
| 9 (RLIN) | 7644 |
| 245 10 - TITLE STATEMENT | |
| Title | PELAN STRATEGIK JABATAN KASTAM DIRAJA MALAYSIA 2020-2024 |
| 260 #1 - PUBLICATION, DISTRIBUTION, ETC. | |
| Place of publication, distribution, etc. | Putrajaya : |
| Name of publisher, distributor, etc. | Bahagian Perancangan Korporat, Ibu Pejabat Kastam Diraja Malaysia, |
| Date of publication, distribution, etc. | 2019 |
| 300 ## - PHYSICAL DESCRIPTION | |
| Other physical details | colour illustrations ; |
| Dimensions | 29cm |
| 700 0# - ADDED ENTRY--PERSONAL NAME | |
| Relator term | editor |
| 9 (RLIN) | 7644 |
| 710 2# - ADDED ENTRY--CORPORATE NAME | |
| Corporate name or jurisdiction name as entry element | Jabatan Kastam Diraja Malaysia |
| 9 (RLIN) | 836 |
| 942 ## - ADDED ENTRY ELEMENTS (KOHA) | |
| Source of classification or shelving scheme | |
| Koha item type | Book |
| 950 ## - LOCAL HOLDINGS (RLIN) | |
| Permanent shelving location, LOC (RLIN) | AKMAL |
| Withdrawn status | Lost status | Source of classification or shelving scheme | Damaged status | Not for loan | Collection code | Home library | Current library | Shelving location | Date acquired | Inventory number | Total Checkouts | Full call number | Date last seen | Price effective from | Koha item type | Barcode |
|---|---|---|---|---|---|---|---|---|---|---|---|---|---|---|---|---|
| NON-FICTION | AKMAL Melaka | AKMAL Melaka | PINJAMAN | 25.08.2020 | 000032 | 352.448595 JKDM | 25.08.2020 | 25.08.2020 | Book | |||||||
| NON-FICTION | AKMAL Melaka | AKMAL Melaka | PINJAMAN | 25.08.2020 | 000033 | 352.448595 JKDM | 25.08.2020 | 25.08.2020 | Book | |||||||
| NON-FICTION | AKMAL Melaka | AKMAL Melaka | PINJAMAN | 01.11.2023 | 0000274 | 352.448595 JKDM | 01.11.2023 | 01.11.2023 | Book | 201708208 |
